| 000 | 01017cac a2200229 a 4500 | ||
|---|---|---|---|
| 003 | Co-PeBPM | ||
| 005 | 20260218112551.0 | ||
| 008 | 231129e2014||||ck ||||||||||||| ||spa|| | ||
| 020 | _a9789588886237 | ||
| 040 | 0 |
_aCo-PeBPM _bspa _cCo-PeBPM _drda |
|
| 041 | _aspa | ||
| 082 |
_aCo863 G216in _222 |
||
| 100 | 1 | _aGarcia Marquez Gabriel | |
| 245 | 0 |
_aLa increíble y triste historia de la Cándida Eréndida y de su abuela desalmada: siete cuentos _c/Gabriel Garcia Márquez |
|
| 250 | _aPrimera edición | ||
| 260 |
_a:Bogotá D.C _b:Editora Géminis _c,2014 |
||
| 300 |
_a158 Paginas _c;19 centímetros |
||
| 500 | _aIncluye índice | ||
| 520 | _aLa increíble y triste historia de la cándida Eréndira y de su abuela desalmada es una novela corta o cuento largo escrito por Gabriel García Márquez en 1972 y publicado por primera vez en 1974. Es una obra en la que se trata ampliamente el tema de la prostitución de menores en el Caribe Sudamericano. | ||
| 650 | 1 | 4 |
_aLiteratura _2LEMB |
| 942 |
_2ddc _cBK |
||
| 999 |
_c17377 _d17377 |
||